Huellas en el camino: esperanza de vida.

Guardado en:
Bibliografiske detaljer
Institution som forfatter: Encuentro Nacional de Pastoral Indígena Panamá
Format: Procedimiento de la Conferencia
Udgivet: Panamá: CONAPI
Tags: Tilføj Tag
Ingen Tags, Vær først til at tagge denne postø!

MARC

LEADER 00000 a2200000 04500
001 45237
003
008 991231s d
040
020 |a [sin ISBN]  
022 |a [sin ISBN]  
090 |a 1001 C795h  
111 |a Encuentro Nacional de Pastoral Indígena   |n (8° :   |d 2004 octubre 4-8 :   |c Panamá)  
245 |a Huellas en el camino:   |b esperanza de vida.   |b Migración indígena en Panamá y la fuerza de los pequeños  
260 |a Panamá:   |b CONAPI  
300 |a 251 páginas :   |b tablas, gráficos  
999 |c 4525  |d 4525